000 01177nam a22002057a 4500
003 OSt
005 20241029151443.0
008 230227b ||||| |||| 00| 0 eng d
040 _cSSBUL
082 _223
_a၂၉၄.၃၄၄၃ ပ
_b၁၃၁၉၃ S-SAT
100 0 _aပညာစာရ ၊
_cအရှင်၊ဘီအေ( ရွှေသံလွင်၊ ဖားဆောင်း)။
_920676
100 0 _920676
245 1 0 _aမိရိုးဖလာ ဗုဒ္ဓဘာသာမှစစ်မှန်သောဗုဒ္ဓဘာသာဖြစ်ဖို့ လူသားအကျိုးပြုဗုဒ္ဓဘာသာ /
_cအရှင်ပညာစာရ(ဘီအေ)(ရွှေသံလွင်၊ဖားဆောင်း)။
260 _aရန်ကုန် ၊
_bအေးပုံနိုပ်တိုက် ၊
_c၂၀၁၂။
300 _a၁၉၂ စာမျက်နှာ ၊
_c၂၂ စင်တီ။
500 _aကျမ်းကိုးစာရင်းပါသည်။
500 _aS-SAT: Dr. Sai Aung Tun
650 _aဗုဒ္ဓဘာသာ
_vတရားတော်
_97249
942 _cBK1
_2ddc
999 _c40998
_d40998